| 000 | 00824nam a2200217Ia 4500 | ||
|---|---|---|---|
| 003 | GCL | ||
| 005 | 20240530103508.0 | ||
| 008 | 140319s9999 xx 000 0 ara d | ||
| 040 |
_aGCL / _cGCL |
||
| 082 | 0 | 4 |
_a910.02 _bم ظ |
| 100 | 1 | _aمحمد صبرى محسوب سليم | |
| 245 | 1 | 0 |
_aالظاهرات الجيوموفولوجية الرئيسية : _b دراسة تحليلية بالاشكال والرسوم التوضيحية / _cمحمد صبرى محسوب سليم |
| 260 |
_aالقاهرة : _bدار الثقافة للطباعة والنشر ، _c1992 |
||
| 300 |
_a223 ص ؛ _c24 سم |
||
| 650 | 0 | 4 | _aالجغرافيا الطبيعية |
| 650 | 0 | 4 | _aالمناخ |
| 650 | 0 | 4 | _aالجيومورفولوجيا |
| 650 | 0 | 4 | _aالتضاريس |
| 650 | 0 | 4 | _aالقشرة الارضية |
| 942 |
_2ddc _cBK |
||
| 999 |
_c39956 _d39956 |
||